Ecology: (Record no. 9955)

MARC details
000 -LEADER
fixed length control field 00478nam a22001817a 4500
008 - FIXED-LENGTH DATA ELEMENTS--GENERAL INFORMATION
fixed length control field 240806b |||||||| |||| 00| 0 eng d
020 ## - INTERNATIONAL STANDARD BOOK NUMBER
International Standard Book Number 9781859962572
082 ## - DEWEY DECIMAL CLASSIFICATION NUMBER
Classification number 577
100 ## - MAIN ENTRY--PERSONAL NAME
Personal name Mackenzie, Aulay.
245 ## - TITLE STATEMENT
Title Ecology:
Remainder of title Instant Notes
250 ## - EDITION STATEMENT
Edition statement 2nd ed.
260 ## - PUBLICATION, DISTRIBUTION, ETC.
Place of publication, distribution, etc. New York:
Name of publisher, distributor, etc. Taylor & Francis,
Date of publication, distribution, etc. 2001.
300 ## - PHYSICAL DESCRIPTION
Extent vii,339 p.;
Other physical details ill,
Dimensions 24.5 Cm.
700 ## - ADDED ENTRY--PERSONAL NAME
Personal name Ball, Andy S.
Relator term Author
Personal name Virdee, Sonia R.
Relator term Aothor
942 ## - Added entry Elements (Koha)
Source of classification or shelving scheme Dewey Decimal Classification
Holdings
Withdrawn status Lost status Source of classification or shelving scheme Damaged status Not for loan Collection code Home library Current library Shelving location Date acquired Serial Enumeration / chronology Total Checkouts Full call number Barcode Date last seen Price effective from Koha item type
    Dewey Decimal Classification     Main TEST RTC Library RTC Library Main opac 06/08/2024 18585   577 MAC 30019565 06/08/2024 06/08/2024 Main
Royal Thimphu College || All Right Reserved